000 00690nam a2200217 i 4500
001 39693
003 ES-MaACL
005 20251120144412.0
007 t|
008 030304s1986 sp ||||1| spa d
020 _a84-206-3167-1
100 1 _aCansinos Asséns, Rafael,
_d1882-1964
_934616
245 1 3 _aEl candelabro de los siete brazos /
_cRafael Cansinos-Asséns ; prólogo de Jorge Luis Borges.
260 _aMadrid :
_bAlianza,
_c[1986]
300 _a288 p. ;
_c20 cm.
490 1 _aAlianza tres ;
_v167
700 1 _aBorges, Jorge Luis,
_d1899-1986
_9242526
830 0 0 _aAlianza tres
_v167
_9177344
852 _aES-MaACL
_jL-11141
_bR.111946
999 _c39693
_d39693